Planet earth : edge of the sea
| Other Authors: | |
|---|---|
| Format: | Book |
| Published: |
Amsterdam :
Time-Life ,
1991
|
| Series: | Planet Earth
|
| Subjects: |
MARC
| LEADER | 00000cam a2200000 7i4500 | ||
|---|---|---|---|
| 001 | 0000001168 | ||
| 002 | 000001290 | ||
| 005 | 20000330.0 | ||
| 020 | |a 0705407497 | ||
| 090 | 0 | 0 | |a 523.2 |b PLA |
| 245 | 1 | 0 | |a Planet earth : |b edge of the sea |c Russell Sackett |
| 260 | |a Amsterdam : |b Time-Life , |c 1991 | ||
| 300 | |a 176p. : |b ill. ; |c 26cm. | ||
| 490 | 0 | |a Planet Earth | |
| 650 | 0 | 0 | |a Sea |
| 700 | 1 | |a Sackett, Russell | |
| 999 | |a 030280 |b BUKU |c RUJUKAN |e PERPUSTAKAAN KOMUNITI PETALING JAYA | ||